Names countries use for their First-level subdivisions - Statistics

General Stats
  • This quiz has been taken 256 times
    251 since last reset
  • The average score is 147 of 318
Answer Stats
Country subdivision % Correct
Peru province
95%
Australia | Austria | Brazil | +13 others states
95%
Sweden counties
88%
Bulgaria provinces
88%
Kyrgyzstan provinces
86%
North Korea | South Korea provinces
85%
Turkey provinces
81%
Afghanistan | Algeria | Angola | +10 others provinces
79%
Australia | Canada territories
79%
Burundi | Cambodia | Canada | +21 others provinces
78%
Albania counties
76%
Azerbaijan | Belarus | Belgium | +39 others regions
76%
Croatia | Estonia | Hungary | +6 others counties
75%
Bahamas (the) | Belize | Bhutan | +16 others districts
72%
Gambia (the) | Uganda city
71%
Mauritius islands
60%
Ireland | Maldives | Trinidad and Tobago | Zimbabwe cities
59%
Netherlands (the) countries
58%
Russia | Ukraine oblasts
53%
Andorra | Antigua and Barbuda | Barbados | +4 others parishes
53%
Russia republics
53%
Luxembourg | Switzerland cantons
50%
Benin | Haiti departments
47%
Finland | Papua New Guinea autonomous region
46%
Laos prefecture
46%
Bolivia | Colombia | El Salvador | +5 others departments
45%
Republic of the Congo departments
43%
Yemen | mongolia municipality
43%
United States federal district
42%
Bahrain | Egypt | Iraq | +6 others governorates
42%
Japan prefectures
40%
Brazil federal district
39%
Central African Republic prefectures
39%
Cape verde councils
36%
China | Nicaragua | Portugal autonomous regions
35%
Fiji | Grenada dependency
35%
Bangladesh divisions
35%
Fiji divisions
34%
China | San marino municipalities
33%
East Timor | Iceland | Latvia | +8 others municipalities
32%
United Arab Emirates emirates
31%
France overseas territory
31%
Russia krais
30%
Argentina | Armenia | Belarus | +3 others autonomous city
29%
Sierra Leone area
26%
Antigua and Barbuda | Norway dependencies
25%
Azerbaijan | Ukraine autonomous republic
24%
Spain autonomous communities
23%
Bosnia and Herzegovina federation of bosnia and herzegovina
22%
Tajikistan capital city
21%
Bosnia and Herzegovina republika srpska
21%
Colombia | Mali | Paraguay | Venezuela capital district
19%
Myanmar union territory
19%
Maldives atolls
18%
Russia autonomous oblast
18%
Kiribati uninhabited islands/atolls
18%
Bosnia and Herzegovina brčko district
17%
Russia autonomous okrugs
15%
United Kingdom crown dependencies
15%
India union territories
15%
Solomon islands capital territory
14%
Russia federal cities
14%
Monaco wards
14%
Georgia autonomous republics
13%
Pakistan federal territory
13%
East Timor special administrative region
13%
North Korea special cities
13%
Poland Voivodeships
13%
South Korea special cities
12%
Indonesia special regions
12%
Spain autonomous cities
11%
Comoros autonomous islands
11%
United Kingdom constituent countries
11%
saint Kitts and Nevis nevis
11%
Ivory coast autonomous districts
10%
Pakistan autonomous territories
10%
Malaysia federal territories
10%
Saint Kitts and Nevis saint kitts
10%
Trinidad and Tobago tobago
10%
France overseas collectivities
9%
China special administrative regions
9%
France special collectivity
9%
United States unincorporated territory
9%
Cambodia | Romania autonomous municipality
7%
Trinidad and Tobago boroughs
7%
Czech Republic capital city of prague
7%
Kyrgyzstan independent cities
7%
Uzbekistan independent city
7%
New Zealand New Zealand
7%
Botswana rural districts
7%
Botswana urban districts
7%
Ethiopia chartered cities
6%
Dominican Republic national district
6%
Japan Tokyo metropolis
6%
Greece autonomous monastic state
5%
United Kingdom british overseas territories
5%
South Korea jeju province
5%
Denmark self-governing territories
5%
South Korea seoul special city
5%
Central African Republic autonomous commune
4%
Guinea-Bissau autonomous sector
4%
Kazakhstan baikonur
4%
New Zealand Ross dependency
4%
New Zealand states in free-association
4%
Greece decentralized administrations
3%
Nigeria | Pakistan federal capital territory
3%
Papua New Guinea national capital district
3%
France state private property
3%
United States unincorporated unorganized self-governing territory
3%
United States indian reservations
2%
Spain plazas de soberania
2%
Latvia republic cities
2%
Uzbekistan republic of karakalpakstan
2%
South Korea sejong special self-governing city
2%
Myanmar self-administered division
2%
Myanmar self-administered zones
2%
South Sudan administrative areas
1%
Turkmenistan capital city district
1%
Ireland cities and counties
1%
Kazakhstan cities with region rights
1%
Norway integral overseas areas
1%
Israel judea and samaria area
1%
Slovakia kraje
1%
Kiribati local councils
1%
Niger Niamey capital district
1%
Mauritania nouakchott
1%
Panama provincial-level indigenous regions
1%
Sweden regional councils
1%
New Zealand self-administering territory
1%
Thailand special administrative area
1%
North Macedonia statistical regions of north macedonia
1%
United States unincorporated organized territories
1%
United States unincorporated unorganized territories
1%
South Sudan area with special administrative status
0%
São Tomé and Principe autonomous region of principe
0%
moldova auutonomous territorial units
0%
Philippines bangsamoro autonomous region
0%
Ukraine cities with special status
0%
Venezuela federal dependencies of venezuela
0%
Somalia gobolada
0%
Tajikistan gorno-badakhshan autonomous region
0%
Serbia okruga
0%
Tajikistan region of republican subordination
0%
No matching quizzes found
Score Distribution
Percent of People with Each Score
Percentile by Number Answered
Your Score History
You have not taken this quiz since the last reset